Els Jocs Florals de Barcelona en l'evolució del pensament de Catalunya (1859-1958) / Rafael Tasis
Descripción Física:
526 p. ; 24 cm
MARC
| LEADER | 00000nam a2200000Ia 4500 | ||
|---|---|---|---|
| 001 | 11779 | ||
| 008 | 160829s1997 xx 000 0 cat d | ||
| 080 | |a H-1-96 | ||
| 100 | |a Tasis i Marca, Rafael |9 25481 | ||
| 245 | |a Els Jocs Florals de Barcelona en l'evolució del pensament de Catalunya (1859-1958) / Rafael Tasis | ||
| 260 | |a Barcelona : |b Diputació de Barcelona, |c 1997 | ||
| 300 | |a 526 p. ; |c 24 cm | ||
| 590 | |a Premi Patxot als Jocs Florals de la Llengua Catalana 1959 | ||
| 650 | |a Jocs Florals de Barcelona |x Història |x 1859/1958 |9 25483 | ||
| 710 | 1 | |a Barcelona (Catalunya : Província). |b Diputació |9 52408 | |
| 901 | |a Arxiu | ||
| 942 | |n 1 | ||
| 952 | |0 0 |1 0 |4 0 |6 H196 |7 1 |9 43640 |a Arxiu |b Arxiu |d 2016-12-01 |l 0 |o H-1-96 |p 11779 |r 2016-12-01 00:00:00 |w 2016-12-01 |y ARXIU | ||
| 999 | |c 46188 |d 46188 | ||